Les plus gros transferts du football - Arrières guaches - 2012-2013 - Statistiques

Statistiques générales
  • Ce quiz a été pris 21 fois
  • Le résultat moyen est 2 sur 10
Statistiques - réponses
Montant de transfert (M €) Nationalité Venant de Allant à Joueur % Correct
14,00 Espagne FC Valencia Barcelone Jordi Alba
100%
10,00 Espagne Málaga CF Arsenal Nacho Monreal
55%
5,00 Pays-Bas Vitesse Manchester United Alexander Büttner
15%
8,00 Guinéè / France Genoa AC Milan Kévin Constant
15%
10,00 Uruguay FC Porto Inter Álvaro Pereira
10%
4,50 Italie Palermo AS Roma Federico Balzaretti
10%
4,00 Brésil SC Braga Shakhtar D. Ismaily
10%
4,50 Costa Rica FC Copenhague FC Everton Bryan Oviedo
5%
4,00 Brésil FC Granada Udinese Gabriel Silva
0%
3,75 Turquie Kayserispor Fenerbahçe Hasan Ali Kaldırım
0%
Aucun quiz correspondant
Distribution des résultats
% des personnes avec chaque résultat
Percentile par nombre de réponses
Votre historique - résultats
Vous n’avez pas pris ce quiz